000 00582nam a2200241Ia 4500
003 OSt
005 20221005133131.0
006 a|||||r|||| 00| 0
007 ta
008 221004b |||||||| |||| 00| 0 kan d
024 _a60894
037 _cTextual
040 _aCRL
_cCRL
_bkan
041 _2kan
_akan
082 _aO33,6x, L0
100 _aMugali Au.
_9226445
245 0 _aVimarsheya vrata
260 _c1970
650 _a KANNAD PROSE
650 _aKANNAD LITERATURE
942 _hO33,6x, L0
_cTEXL
_2cc
999 _c1065834
_d1065834